Statistics for Nordic Council Countries

Click here to take the quiz!

General Stats

  • This quiz has been taken 37 times
  • The average score is 10 of 12

Answer Stats

MembershipMember% Correct
FullDenmark
97%
FullFinland
97%
FullNorway
97%
FullSweden
97%
FullIceland
94%
ObserverEstonia
87%
ObserverLatvia
84%
ObserverLithuania
84%
AssociateGreenland
77%
AssociateFaroe Islands
68%
AssociateÅland Islands
48%
ObserverSchleswig-Holstein
29%

Score Distribution

Percentile by Number Answered

Percent of People with Each Score

Your Score History

You have not taken this quiz